[Event "Barcelona Sant Marti op 05th"]
[Site "Barcelona"]
[Date "2003.05.10"]
[Round "3.40"]
[White "Herreria, Jose"]
[Black "Vigier Lopez, Carlos"]
[Result "0-1"]
[WhiteElo "1700"]
[BlackElo "1775"]
[PlyCount "70"]
[EventDate "2003.04.26"]
[EventType "swiss"]
[EventRounds "9"]
[EventCountry "ESP"]
[SourceTitle "EXT 2004"]
[Source "ChessBase"]
[SourceDate "2003.11.25"]
[SourceVersion "1"]
[SourceVersionDate "2003.11.25"]
[SourceQuality "1"]

1. e4 d6 2. Nc3 g6 3. Bc4 e6 4. Nf3 Bg7 5. d3 Nf6 6. 0-0 0-0 7. Bg5 Qe8 8. Nb5 Na6 9. Qd2 Bd7 10. Qa5 Bxb5 11. Bxb5 Qc8 12. Qc3 Nxe4 13. Qe1 Nxg5 14. Nxg5 Bxb2 15. Rb1 Bf6 16. Bxa6 bxa6 17. Ne4 Bg7 18. Qe3 Qd8 19. Rfe1 c5 20. c3 Rc8 21. c4 Bd4 22. Qh6 Bg7 23. Qh3 d5 24. cxd5 exd5 25. Ng3 Rc6 26. Rec1 Re8 27. Kf1 Rb6 28. Rb3 Rxb3 29. axb3 Qa5 30. Kg1 Qd2 31. Ra1 Bxa1 32. Nf1 Qd1 33. g3 Qxd3 34. Qd7 Re1 35. Qd8+ Kg7 0-1

[Event "Barcelona Sant Marti op 05th"]
[Site "Barcelona"]
[Date "2003.04.26"]
[Round "1.38"]
[White "Herreria, Jose"]
[Black "Avila, Daniel"]
[Result "0-1"]
[WhiteElo "1700"]
[BlackElo "1945"]
[PlyCount "42"]
[EventDate "2003.04.26"]
[EventType "swiss"]
[EventRounds "9"]
[EventCountry "ESP"]
[SourceTitle "EXT 2004"]
[Source "ChessBase"]
[SourceDate "2003.11.25"]
[SourceVersion "1"]
[SourceVersionDate "2003.11.25"]
[SourceQuality "1"]

1. e4 c5 2. Nc3 e6 3. Nf3 d6 4. d4 cxd4 5. Nxd4 Nf6 6. Bg5 a6 7. Qf3 Be7 8. 0-0-0 Nbd7 9. g3 Qc7 10. a4 0-0 11. Bh3 Ne5 12. Qf4 h6 13. Bxf6 Bxf6 14. Rhe1 Bg5 15. Qxg5 hxg5 16. f4 g4 17. Bg2 Nc4 18. e5 d5 19. b3 Na5 20. Bf1 Qxc3 21. Ne2 Nxb3+ 0-1